Aprovechamiento de vertebrados terrestres por las poblaciones humanas que habitaron la costa del Golfo San Matías (Río Negro, Argentina) durante el Holoceno tardío /
This text presents the results and discussion of archaeofaunal studies which took place in the northern San Matías Gulf (Río Negro Province) during the last six years, focusing on terrestrial mammals and birds.
المؤلف الرئيسي:
التنسيق: كتاب الكتروني
اللغة: Spanish
منشور في:
Summertown, Oxford :
Archaeopress Publishing Ltd,
2018.
سلاسل:
South American archaeology series ;
31.
Access archaeology.
الموضوعات:
الوصول للمادة أونلاين: Login to view Source
الوسوم: إضافة وسم
رقم الطلب: F2821.1.P29
| LEADER | 02042nam a2200433 i 4500 | ||
|---|---|---|---|
| 001 | EDZ0002020233 | ||
| 003 | StDuBDS | ||
| 005 | 20230412182338.0 | ||
| 006 | m|||||o||d|||||||| | ||
| 007 | cr ||||||||||| | ||
| 008 | 190228s2018 enka fob 000|0|spa|d | ||
| 020 | |a 9781789690125 (ebook) : |c No price | ||
| 040 | |a StDuBDS |b eng |c StDuBDS |e rda |e pn | ||
| 050 | 4 | |a F2821.1.P29 | |
| 082 | 0 | 4 | |a 982.7301 |2 23 |
| 100 | 1 | |a Marani, Hernán A., |e author. | |
| 245 | 1 | 0 | |a Aprovechamiento de vertebrados terrestres por las poblaciones humanas que habitaron la costa del Golfo San Matías (Río Negro, Argentina) durante el Holoceno tardío / |c Hernán A. Marani. |
| 264 | 1 | |a Summertown, Oxford : |b Archaeopress Publishing Ltd, |c 2018. | |
| 300 | |a 1 online resource (284 pages) : |b illustrations (black and white, and colour). | ||
| 336 | |a text |2 rdacontent | ||
| 336 | |a still image |2 rdacontent | ||
| 337 | |a computer |2 rdamedia | ||
| 338 | |a online resource |2 rdacarrier | ||
| 490 | 1 | |a South American archaeology series ; |v 31 | |
| 490 | 1 | |a Access archaeology | |
| 500 | |a Previously issued in print: 2018. | ||
| 504 | |a Includes bibliographical references. | ||
| 520 | 8 | |a This text presents the results and discussion of archaeofaunal studies which took place in the northern San Matías Gulf (Río Negro Province) during the last six years, focusing on terrestrial mammals and birds. | |
| 521 | |a Specialized. | ||
| 588 | |a Description based on online resource; title from home page (viewed on February 28, 2019). | ||
| 651 | 0 | |a San Matías Gulf (Argentina) |x Antiquities. | |
| 650 | 0 | |a Excavations (Archaeology) |z Argentina |z San Matías Gulf. | |
| 776 | 0 | 8 | |i Print version : |z 9781789690118 |
| 830 | 0 | |a South American archaeology series ; |v 31. | |
| 830 | 0 | |a Access archaeology. | |
| 856 | 4 | 0 | |3 Archaeopress |u http://library.arce.org:8087/Archaeopress/Products/9781789690118 |
| 942 | |2 lcc |c EBOOK | ||
| 952 | |0 0 |1 0 |4 0 |6 F28211 P29 |7 1 |9 46462 |a ARCH |b ARCH |d 2023-04-12 |l 0 |o F2821.1.P29 |r 2023-04-12 00:00:00 |w 2023-04-12 |y EBOOK | ||
| 999 | |c 52120 |d 52120 | ||
